[Event "Phillips & Drew GLC Knights"]
[Site "London, County Hall"]
[Date "1982.04.16"]
[Round "2"]
[White "Watson, William Nicholas"]
[Black "Conquest, Stuart C"]
[Result "1-0"]
[WhiteElo "2330"]
[BlackElo "2315"]
[PlyCount "79"]
[EventDate "1982.04.15"]
[EventType "tourn"]
[EventRounds "15"]
[EventCountry "ENG"]
[SourceTitle "BritBase"]
[Source "John Saunders"]
[SourceDate "2023.10.13"]
[SourceVersion "1"]
[SourceVersionDate "2023.10.13"]
[SourceQuality "1"]

1. e4 c5 2. f4 e6 3. Nf3 d5 4. Bb5+ Bd7 5. Bxd7+ Qxd7 6. Ne5 Qc7 7. exd5 exd5
8. Nc3 Nf6 9. Qf3 Qd6 10. Qe2 Be7 11. Qb5+ Nbd7 12. Qxb7 O-O 13. Nxd7 Nxd7 14.
Qxd5 Bh4+ 15. g3 Qxf4 16. d3 Rae8+ 17. Ne4 Qg4 18. O-O Re5 19. Qc4 Qg6 20. Bf4
Rh5 21. Rae1 Be7 22. Nc3 Bf6 23. Nd5 Bd4+ 24. Qxd4 cxd4 25. Ne7+ Kh8 26. Nxg6+
hxg6 27. Bd6 Rc8 28. Rxf7 Nf6 29. Be5 Re8 30. Rxf6 Rexe5 31. Rxe5 Rxe5 32. Rf2
Re1+ 33. Rf1 Re2 34. Rf2 Re1+ 35. Kg2 Ra1 36. Kf3 Rxa2 37. b3 a5 38. Ke4 a4 39.
bxa4 Rxa4 40. Rf8+ 1-0

[Event "Phillips & Drew GLC Knights"]
[Site "London, County Hall"]
[Date "1982.04.17"]
[Round "3"]
[White "Britton, Richard L"]
[Black "Watson, William Nicholas"]
[Result "0-1"]
[WhiteElo "2285"]
[BlackElo "2330"]
[PlyCount "64"]
[EventDate "1982.04.15"]
[EventType "tourn"]
[EventRounds "15"]
[EventCountry "ENG"]
[SourceTitle "BritBase"]
[Source "John Saunders"]
[SourceDate "2023.10.13"]
[SourceVersion "1"]
[SourceVersionDate "2023.10.13"]
[SourceQuality "1"]

1. e4 c5 2. Nf3 d6 3. d4 cxd4 4. Nxd4 Nf6 5. Nc3 g6 6. Be3 Bg7 7. f3 Nc6 8. Qd2
O-O 9. O-O-O d5 10. h4 dxe4 11. h5 Nxd4 12. Bxd4 e5 13. Bxe5 Qxd2+ 14. Rxd2 e3
15. Rd6 Nxh5 16. Bxg7 Kxg7 17. g4 Ng3 18. Rg1 Nxf1 19. Rxf1 f5 20. g5 f4 21.
Rh1 Bf5 22. Rh4 Rad8 23. Rd5 Rfe8 24. Kd1 b5 25. Ke1 b4 26. Rxd8 Rxd8 27. Ne2
Rd2 28. Rxf4 Rxc2 29. Rd4 Rxb2 30. Nc1 a5 31. Rd5 a4 32. Rc5 Rc2 0-1

[Event "Phillips & Drew GLC Knights"]
[Site "London, County Hall"]
[Date "1982.04.17"]
[Round "3"]
[White "Conquest, Stuart C"]
[Black "Nicholson, John Graham"]
[Result "1/2-1/2"]
[WhiteElo "2315"]
[BlackElo "2300"]
[PlyCount "71"]
[EventDate "1982.04.15"]
[EventType "tourn"]
[EventRounds "15"]
[EventCountry "ENG"]
[SourceTitle "BritBase"]
[Source "John Saunders"]
[SourceDate "2023.10.13"]
[SourceVersion "1"]
[SourceVersionDate "2023.10.13"]
[SourceQuality "1"]

1. d4 Nf6 2. c4 e6 3. Nf3 b6 4. g3 Ba6 5. Nbd2 Bb7 6. Bg2 c5 7. O-O cxd4 8.
Nxd4 Bxg2 9. Kxg2 Be7 10. e4 Qc7 11. f4 O-O 12. Qf3 Nc6 13. Nxc6 dxc6 14. e5
Nd7 15. Ne4 Nc5 16. Be3 Nxe4 17. Qxe4 Rad8 18. Rad1 Rd7 19. g4 Rfd8 20. Rxd7
Qxd7 21. f5 Qd3 22. Qf4 exf5 23. gxf5 Bc5 24. Bxc5 bxc5 25. f6 Rd4 26. Qf5 Qxf5
27. Rxf5 Rd2+ 28. Rf2 Rxf2+ 29. Kxf2 g6 30. Ke3 Kf8 31. Kf4 h6 32. h4 Ke8 33.
Kg4 Kd7 34. h5 g5 35. Kf5 Ke8 36. Ke4 1/2-1/2

[Event "Phillips & Drew GLC Knights"]
[Site "London, County Hall"]
[Date "1982.04.17"]
[Round "3"]
[White "Cox, John J"]
[Black "Franklin, Michael J"]
[Result "0-1"]
[WhiteElo "2285"]
[BlackElo "2315"]
[PlyCount "72"]
[EventDate "1982.04.15"]
[EventType "tourn"]
[EventRounds "15"]
[EventCountry "ENG"]
[SourceTitle "BritBase"]
[Source "John Saunders"]
[SourceDate "2023.10.13"]
[SourceVersion "1"]
[SourceVersionDate "2023.10.13"]
[SourceQuality "1"]

1. c4 Nf6 2. Nc3 e6 3. e4 c5 4. e5 Ng8 5. d4 cxd4 6. Qxd4 Nc6 7. Qe4 f5 8. Qe2
g6 9. Nf3 Nh6 10. Bg5 Qa5 11. O-O-O Nf7 12. Bf6 Rg8 13. Kb1 Be7 14. g3 Bxf6 15.
exf6 Qd8 16. Bg2 Kf8 17. Nb5 Qxf6 18. Nd6 Nxd6 19. Rxd6 Rg7 20. Rhd1 Re7 21.
Qe3 Qg7 22. Nd4 Ne5 23. Nxe6+ dxe6 24. Rd8+ Kf7 25. Qc5 Nc6 26. R8d6 Rb8 27. b4
b6 28. Qb5 a6 29. Qxc6 Bb7 30. Qxb7 Rbxb7 31. Bxb7 Qc3 32. Rxb6 Qxc4 33. Bxa6
Qe4+ 34. Bd3 Qf3 35. Rd2 Rd7 36. Kc2 Rxd3 0-1

[Event "Phillips & Drew GLC Knights"]
[Site "London, County Hall"]
[Date "1982.04.17"]
[Round "3"]
[White "Fedorowicz, John P"]
[Black "King, Daniel John"]
[Result "1/2-1/2"]
[WhiteElo "2455"]
[BlackElo "2365"]
[PlyCount "81"]
[EventDate "1982.04.15"]
[EventType "tourn"]
[EventRounds "15"]
[EventCountry "ENG"]
[SourceTitle "BritBase"]
[Source "John Saunders"]
[SourceDate "2023.10.13"]
[SourceVersion "1"]
[SourceVersionDate "2023.10.13"]
[SourceQuality "1"]

1. d4 Nf6 2. c4 e6 3. Nf3 Bb4+ 4. Bd2 a5 5. g3 b6 6. Bg2 Bb7 7. O-O O-O 8. Bg5
Be7 9. Bxf6 Bxf6 10. Nc3 d6 11. e4 Nd7 12. Re1 g6 13. Qd2 Bg7 14. Rad1 Qe7 15.
b3 Rfd8 16. h4 Qf8 17. Bh3 Rab8 18. Kg2 Ba8 19. d5 exd5 20. exd5 c6 21. dxc6
Bxc6 22. Nd5 Ne5 23. Nd4 Ba8 24. f4 Nc6 25. Nxc6 Bxc6 26. Kh2 Rb7 27. Bg2 Bxd5
28. Bxd5 Re7 29. Bc6 Bf6 30. Qf2 Bc3 31. Rxe7 Qxe7 32. Qxb6 Bb4 33. Qf2 Rc8 34.
Bg2 Re8 35. Rf1 Qe2 36. Bf3 Qd3 37. Rd1 Qc3 38. Rf1 Re3 39. f5 gxf5 40. Bd5 Qe5
41. Kh1 1/2-1/2

[Event "Phillips & Drew GLC Knights"]
[Site "London, County Hall"]
[Date "1982.04.17"]
[Round "3"]
[White "Formanek, Edward W"]
[Black "McNab, Colin Anderson"]
[Result "0-1"]
[WhiteElo "2330"]
[BlackElo "2340"]
[PlyCount "78"]
[EventDate "1982.04.15"]
[EventType "tourn"]
[EventRounds "15"]
[EventCountry "ENG"]
[SourceTitle "BritBase"]
[Source "John Saunders"]
[SourceDate "2023.10.13"]
[SourceVersion "1"]
[SourceVersionDate "2023.10.13"]
[SourceQuality "1"]

1. e4 g6 2. d4 d6 3. c4 Nd7 4. Nc3 e5 5. Nf3 Bg7 6. Be2 Ngf6 7. O-O O-O 8. Re1
c6 9. Rb1 a5 10. Bf1 Qe7 11. a3 exd4 12. Nxd4 Nc5 13. Bg5 a4 14. f4 Qc7 15. Nf3
Re8 16. Qc2 Bg4 17. Nd2 h6 18. Bh4 Nh5 19. h3 Bd7 20. f5 Bd4+ 21. Kh1 g5 22.
Be2 Nf6 23. Bg3 Bxc3 24. Qxc3 Ncxe4 25. Nxe4 Nxe4 26. Qf3 Nxg3+ 27. Qxg3 Bxf5
28. Rbd1 Re5 29. Bd3 Bxd3 30. Rxd3 Rae8 31. Red1 R8e6 32. Kh2 Qe7 33. R1d2 Kg7
34. Qf2 Re3 35. Qf5 Rxd3 36. Qxd3 Qf6 37. Qc2 Re3 38. g3 Qe5 39. Rg2 h5 0-1

[Event "Phillips & Drew GLC Knights"]
[Site "London, County Hall"]
[Date "1982.04.17"]
[Round "3"]
[White "Hartoch, Robert G"]
[Black "Flear, Glenn C"]
[Result "1/2-1/2"]
[WhiteElo "2390"]
[BlackElo "2390"]
[PlyCount "31"]
[EventDate "1982.04.15"]
[EventType "tourn"]
[EventRounds "15"]
[EventCountry "ENG"]
[SourceTitle "BritBase"]
[Source "John Saunders"]
[SourceDate "2023.10.13"]
[SourceVersion "1"]
[SourceVersionDate "2023.10.13"]
[SourceQuality "1"]

1. Nf3 Nf6 2. d4 d5 3. Bg5 Nbd7 4. Nbd2 g6 5. e3 Bg7 6. c3 O-O 7. Bd3 b6 8. a4
a5 9. O-O Bb7 10. Qb1 Re8 11. b4 e5 12. dxe5 Nxe5 13. Bb5 Nxf3+ 14. Nxf3 c6 15.
Bd3 Qc8 16. bxa5 1/2-1/2

[Event "Phillips & Drew GLC Knights"]
[Site "London, County Hall"]
[Date "1982.04.17"]
[Round "3"]
[White "Kopec, Danny"]
[Black "Rumens, David E"]
[Result "0-1"]
[WhiteElo "2375"]
[BlackElo "2320"]
[PlyCount "128"]
[EventDate "1982.04.15"]
[EventType "tourn"]
[EventRounds "15"]
[EventCountry "ENG"]
[SourceTitle "BritBase"]
[Source "John Saunders"]
[SourceDate "2023.10.13"]
[SourceVersion "1"]
[SourceVersionDate "2023.10.13"]
[SourceQuality "1"]

1. d4 f5 2. Nc3 d5 3. Bg5 g6 4. e3 Bg7 5. h4 c5 6. h5 h6 7. Bf4 g5 8. Bxb8 Rxb8
9. dxc5 Nf6 10. Bb5+ Kf7 11. Nf3 Ne4 12. Nxe4 fxe4 13. Nd4 e5 14. Nb3 Be6 15.
c3 Rf8 16. Qc2 Kg8 17. O-O-O Qf6 18. Rd2 a6 19. Bf1 Rbd8 20. c4 d4 21. Qxe4
dxe3 22. fxe3 Rxd2 23. Nxd2 Qd8 24. g4 Qa5 25. Bd3 Rf2 26. Rd1 Qxc5 27. Kb1 Qc7
28. Qh7+ Kf8 29. Qe4 Qc8 30. Rf1 Rxf1+ 31. Nxf1 Bxg4 32. Ng3 Qd7 33. Kc2 Qa4+
34. Kc3 Qd1 35. Nf1 Qf3 36. Nd2 Qxe4 37. Bxe4 b6 38. c5 bxc5 39. Kc4 Bxh5 40.
Kxc5 Be2 41. Kd5 g4 42. Nc4 Bf1 43. Nd2 Bh3 44. Bf5 h5 45. Ke6 Bg2 46. Ne4 h4
47. Nf2 g3 48. Nh3 Bh6 49. e4 Be3 50. Kxe5 Ke7 51. Nf4 Bxf4+ 52. Kxf4 Bf1 53.
Kf3 Kd6 54. b4 Ke5 55. a4 Kd4 56. Bd7 Bd3 57. Bc6 Bc2 58. Bb7 Bxa4 59. Bxa6
Bd1+ 60. Kg2 Kxe4 61. Kh3 Ke3 62. Bf1 Kf2 63. Kxh4 Be2 64. Bh3 Bb5 0-1

[Event "Phillips & Drew GLC Knights"]
[Site "London, County Hall"]
[Date "1982.04.17"]
[Round "3"]
[White "Norris, Alan J"]
[Black "Sowray, Peter John"]
[Result "1/2-1/2"]
[WhiteElo "2265"]
[BlackElo "2270"]
[PlyCount "150"]
[EventDate "1982.04.15"]
[EventType "tourn"]
[EventRounds "15"]
[EventCountry "ENG"]
[SourceTitle "BritBase"]
[Source "John Saunders"]
[SourceDate "2023.10.13"]
[SourceVersion "1"]
[SourceVersionDate "2023.10.13"]
[SourceQuality "1"]

1. e4 Nf6 2. e5 Nd5 3. d4 d6 4. Nf3 g6 5. Bc4 Nb6 6. Bb3 Nc6 7. Ng5 d5 8. f4 h6
9. Nf3 Na5 10. O-O Bg4 11. Be3 Nbc4 12. Bc1 e6 13. c3 Nxb3 14. axb3 Nb6 15. Be3
Qd7 16. Qe2 a6 17. c4 Bg7 18. c5 Nc8 19. b4 Ne7 20. Nc3 Nf5 21. Bf2 h5 22. Qd3
Bh6 23. Ng5 Qe7 24. h3 Bxg5 25. fxg5 Qxg5 26. hxg4 hxg4 27. Bg3 Qe3+ 28. Qxe3
Nxe3 29. Rf2 Nf5 30. Ne2 g5 31. Raf1 Ne3 32. Ra1 Ke7 33. Ra3 Nc4 34. Rb3 Rh7
35. Nc1 Rah8 36. Rc2 Rh1+ 37. Kf2 Rd1 38. Rd3 Rhh1 39. Rxd1 Rxd1 40. Ne2 Rd3
41. Kg1 Rd1+ 42. Kf2 Nd2 43. Nc3 Ne4+ 44. Nxe4 dxe4 45. Ke2 Rxd4 46. Be1 Rd5
47. Bc3 Kd7 48. Ke3 Kc6 49. Kxe4 Kb5 50. Rf2 Rd7 51. Rf6 a5 52. bxa5 Kxc5 53.
Ke3 b6 54. axb6 cxb6 55. Rf1 b5 56. Rc1 Kc4 57. Bd4+ Kb3 58. Rc8 b4 59. Ke4 g3
60. Rg8 Kc4 61. Rc8+ Kb3 62. Rc6 Rb7 63. Kf3 Rd7 64. Rd6 Rc7 65. Kxg3 Rc2 66.
Kf3 g4+ 67. Kg3 Rd2 68. Bc5 Rc2 69. Rd3+ Kc4 70. Rd7 Rxb2 71. Bd6 b3 72. Rxf7
Re2 73. Rf4+ Kd3 74. Rxg4 b2 75. Rb4 Re3+ 1/2-1/2

[Event "Phillips & Drew GLC Knights"]
[Site "London, County Hall"]
[Date "1982.04.18"]
[Round "4"]
[White "Cox, John J"]
[Black "Conquest, Stuart C"]
[Result "1-0"]
[WhiteElo "2285"]
[BlackElo "2315"]
[PlyCount "109"]
[EventDate "1982.04.15"]
[EventType "tourn"]
[EventRounds "15"]
[EventCountry "ENG"]
[SourceTitle "BritBase"]
[Source "John Saunders"]
[SourceDate "2023.10.13"]
[SourceVersion "1"]
[SourceVersionDate "2023.10.13"]
[SourceQuality "1"]

1. c4 e5 2. Nc3 Nc6 3. g3 g6 4. Bg2 Bg7 5. d3 d6 6. Rb1 Be6 7. Nf3 h6 8. O-O
Nf6 9. h3 O-O 10. e4 Ne7 11. Kh2 c6 12. b3 c5 13. b4 Nd7 14. bxc5 Nxc5 15. Be3
Qd7 16. Nd5 Bxd5 17. cxd5 f5 18. Bxc5 dxc5 19. Qb3 Nc8 20. Qxb7 Qxb7 21. Rxb7
fxe4 22. dxe4 Nd6 23. Rc7 Nxe4 24. Nh4 Nd2 25. Rd1 Rxf2 26. Kg1 Re2 27. Nxg6
Rd8 28. Ne7+ Kh8 29. Nf5 Bf8 30. g4 Nc4 31. Bf1 Rd2 32. Rxd2 Nxd2 33. Bg2 c4
34. Kf2 e4 35. Ke2 Bb4 36. Ne3 c3 37. Rxa7 Rc8 38. Nc2 Bc5 39. Rf7 Ra8 40. Rc7
Rxa2 41. Rxc5 Rxc2 42. Kd1 Rc1+ 43. Kxc1 Nb3+ 44. Kc2 Nxc5 45. Kxc3 e3 46. Bf3
Kg7 47. Kd4 Nd7 48. Kxe3 Kf6 49. Kf4 Ne5 50. Be4 Nc4 51. h4 Nb6 52. g5+ Kg7 53.
d6 Nd7 54. Bc6 Nb6 55. d7 1-0

[Event "Phillips & Drew GLC Knights"]
[Site "London, County Hall"]
[Date "1982.04.18"]
[Round "4"]
[White "Flear, Glenn C"]
[Black "Norris, Alan J"]
[Result "1/2-1/2"]
[WhiteElo "2390"]
[BlackElo "2265"]
[PlyCount "87"]
[EventDate "1982.04.15"]
[EventType "tourn"]
[EventRounds "15"]
[EventCountry "ENG"]
[SourceTitle "BritBase"]
[Source "John Saunders"]
[SourceDate "2023.10.13"]
[SourceVersion "1"]
[SourceVersionDate "2023.10.13"]
[SourceQuality "1"]

1. d4 Nf6 2. c4 e6 3. Nc3 Bb4 4. e3 c5 5. Bd3 Nc6 6. Nf3 d5 7. O-O O-O 8. a3
Bxc3 9. bxc3 dxc4 10. Bxc4 Qc7 11. Qc2 e5 12. Bb5 e4 13. Ng5 Bf5 14. f3 Qe7 15.
fxe4 Bxe4 16. Nxe4 Nxe4 17. d5 Na5 18. Bd3 f5 19. c4 b6 20. Bb2 Rae8 21. Rf4
Nb7 22. Bxe4 fxe4 23. Raf1 Rxf4 24. exf4 Nd6 25. Re1 Qh4 26. g3 Qh5 27. Be5
Rxe5 28. fxe5 Qxe5 29. Kh1 h5 30. Qe2 Kf7 31. a4 Ke7 32. a5 Kd7 33. axb6 axb6
34. Rb1 Kc7 35. Qa2 Nc8 36. Rf1 Qe7 37. Rd1 e3 38. Re1 h4 39. Qe2 Qe4+ 40. Kg1
h3 41. Qf1 Nd6 42. Qxh3 Nxc4 43. Qh8 Qd4 44. Qf8 1/2-1/2

[Event "Phillips & Drew GLC Knights"]
[Site "London, County Hall"]
[Date "1982.04.18"]
[Round "4"]
[White "Franklin, Michael J"]
[Black "Rumens, David E"]
[Result "0-1"]
[WhiteElo "2315"]
[BlackElo "2320"]
[PlyCount "124"]
[EventDate "1982.04.15"]
[EventType "tourn"]
[EventRounds "15"]
[EventCountry "ENG"]
[SourceTitle "BritBase"]
[Source "John Saunders"]
[SourceDate "2023.10.13"]
[SourceVersion "1"]
[SourceVersionDate "2023.10.13"]
[SourceQuality "1"]

1. d4 f5 2. Nf3 Nf6 3. g3 e6 4. Bg2 Be7 5. O-O O-O 6. c4 d6 7. b3 Qe8 8. Bb2 a5
9. Nbd2 Nc6 10. e3 Bd8 11. a3 e5 12. d5 Nb8 13. Qc2 Qh5 14. Rfe1 Na6 15. h3 e4
16. Nh2 Nc5 17. Bd4 Nd3 18. Rf1 Qg6 19. Nb1 c5 20. dxc6 bxc6 21. Nc3 d5 22.
cxd5 Nxd5 23. Rfd1 Ba6 24. Na4 Be7 25. Nc5 Bxc5 26. Bxc5 Rf7 27. Nf1 h5 28. h4
Re8 29. Rab1 Ne5 30. Qd2 Bd3 31. Rbc1 f4 32. exf4 Nxf4 33. Qxa5 Be2 34. Rd6 Ne6
35. Nh2 Qf5 36. Qb4 Bf3 37. Nxf3 Nxf3+ 38. Kh1 Nf4 39. Be3 Nd3 40. Qc3 Nxc1 41.
Qxc1 Ne5 42. a4 Rd7 43. Rxd7 Qxd7 44. Bxe4 Qh3+ 45. Kg1 Ng4 46. Qc4+ Kh8 47.
Qf7 Qh2+ 48. Kf1 Nf6 49. Bh6 Qh3+ 50. Kg1 Qg4 51. Bg6 Rg8 52. Kg2 Qd4 53. Bf4
Ng4 54. Bg5 Ne5 55. Qf5 Qd5+ 56. f3 Nxg6 57. Qxg6 Rf8 58. Bf4 Rf7 59. b4 Re7
60. Qc2 Re1 61. a5 Qe6 62. Kf2 Rh1 0-1

[Event "Phillips & Drew GLC Knights"]
[Site "London, County Hall"]
[Date "1982.04.18"]
[Round "4"]
[White "McNab, Colin Anderson"]
[Black "Kopec, Danny"]
[Result "0-1"]
[WhiteElo "2340"]
[BlackElo "2375"]
[PlyCount "60"]
[EventDate "1982.04.15"]
[EventType "tourn"]
[EventRounds "15"]
[EventCountry "ENG"]
[SourceTitle "BritBase"]
[Source "John Saunders"]
[SourceDate "2023.10.13"]
[SourceVersion "1"]
[SourceVersionDate "2023.10.13"]
[SourceQuality "1"]

1. c4 e5 2. g3 Nc6 3. Bg2 g6 4. Nc3 Bg7 5. e4 d6 6. d3 Nge7 7. Nge2 Be6 8. O-O
O-O 9. Nd5 f5 10. Rb1 Qd7 11. b4 fxe4 12. dxe4 Nd4 13. Nxd4 exd4 14. Bf4 Nc6
15. c5 Ne5 16. cxd6 Qxd6 17. Bg5 Qd7 18. Rc1 c6 19. Nf4 Bxa2 20. Ne2 a5 21.
bxa5 Rxa5 22. Bd2 Rb5 23. Nf4 Bb3 24. Qe2 Qe8 25. Kh1 Qf7 26. Rg1 Bc4 27. Qd1
g5 28. Nh3 g4 29. Ng5 Nd3 30. Be1 Rxg5 0-1

[Event "Phillips & Drew GLC Knights"]
[Site "London, County Hall"]
[Date "1982.04.18"]
[Round "4"]
[White "Nicholson, John Graham"]
[Black "Britton, Richard L"]
[Result "1-0"]
[WhiteElo "2300"]
[BlackElo "2285"]
[PlyCount "97"]
[EventDate "1982.04.15"]
[EventType "tourn"]
[EventRounds "15"]
[EventCountry "ENG"]
[SourceTitle "BritBase"]
[Source "John Saunders"]
[SourceDate "2023.10.13"]
[SourceVersion "1"]
[SourceVersionDate "2023.10.13"]
[SourceQuality "1"]

1. e4 c5 2. Nf3 d6 3. d4 cxd4 4. Qxd4 Nc6 5. Bb5 Bd7 6. Bxc6 Bxc6 7. Nc3 e6 8.
Bg5 Nf6 9. O-O-O Be7 10. Rhe1 O-O 11. Qd2 Qc7 12. Nd4 Rfc8 13. Kb1 a6 14. f4 h6
15. Nxc6 Qxc6 16. Bxf6 Bxf6 17. e5 dxe5 18. fxe5 Rd8 19. Qe2 Bh4 20. g3 Be7 21.
Ne4 Rd5 22. Rxd5 Qxd5 23. Nf2 Rd8 24. Nd3 Qb5 25. Qf2 Rd7 26. h4 Bb4 27. Rf1
Bc3 28. a4 Qc4 29. bxc3 Qxc3 30. Qe1 Qa3 31. Rf4 b5 32. Qb4 Rxd3 33. cxd3 Qxd3+
34. Kb2 Qe2+ 35. Kc1 Qxe5 36. axb5 axb5 37. Kd2 Qd5+ 38. Qd4 Qa2+ 39. Ke1 Qh2
40. Qd8+ Kh7 41. Qd3+ f5 42. Rf2 Qh1+ 43. Kd2 Qg1 44. Re2 Qb6 45. Re3 Qa5+ 46.
Ke2 b4 47. Kf2 Qa2+ 48. Re2 Qa4 49. Rxe6 1-0

[Event "Phillips & Drew GLC Knights"]
[Site "London, County Hall"]
[Date "1982.04.18"]
[Round "4"]
[White "Sowray, Peter John"]
[Black "Formanek, Edward W"]
[Result "1/2-1/2"]
[WhiteElo "2270"]
[BlackElo "2330"]
[PlyCount "66"]
[EventDate "1982.04.15"]
[EventType "tourn"]
[EventRounds "15"]
[EventCountry "ENG"]
[SourceTitle "BritBase"]
[Source "John Saunders"]
[SourceDate "2023.10.13"]
[SourceVersion "1"]
[SourceVersionDate "2023.10.13"]
[SourceQuality "1"]

1. d4 d5 2. c4 c6 3. Nf3 Nf6 4. Nc3 dxc4 5. e3 b5 6. a4 b4 7. Na2 e6 8. Bxc4
Nbd7 9. O-O Bb7 10. Qe2 c5 11. Bd2 a5 12. Nc1 Bd6 13. dxc5 Nxc5 14. Bb5+ Ke7
15. Nd3 Nb3 16. Rad1 Qc7 17. h3 Ne4 18. Bc1 Rhd8 19. Nd4 Bd5 20. Nf4 Bxf4 21.
exf4 Nxc1 22. Rxc1 Qxf4 23. Nc6+ Bxc6 24. Bxc6 Nd2 25. g3 Qd6 26. Bxa8 Nxf1 27.
Bg2 Nd2 28. Rd1 Qd4 29. Qh5 f5 30. Rc1 Qxb2 31. Rc7+ Rd7 32. Rxd7+ Kxd7 33.
Qf7+ Kd6 1/2-1/2

[Event "Phillips & Drew GLC Knights"]
[Site "London, County Hall"]
[Date "1982.04.18"]
[Round "4"]
[White "Watson, William Nicholas"]
[Black "Fedorowicz, John P"]
[Result "1-0"]
[WhiteElo "2330"]
[BlackElo "2455"]
[PlyCount "49"]
[EventDate "1982.04.15"]
[EventType "tourn"]
[EventRounds "15"]
[EventCountry "ENG"]
[SourceTitle "BritBase"]
[Source "John Saunders"]
[SourceDate "2023.10.13"]
[SourceVersion "1"]
[SourceVersionDate "2023.10.13"]
[SourceQuality "1"]

1. e4 c5 2. f4 d5 3. exd5 Qxd5 4. Nc3 Qd8 5. Nf3 Nf6 6. Ne5 g6 7. Bb5+ Nbd7 8.
Bc4 e6 9. Qe2 Nxe5 10. fxe5 Nd7 11. d3 Bg7 12. Bf4 O-O 13. O-O-O Nxe5 14. h4
Nc6 15. h5 Nd4 16. Qd2 a6 17. hxg6 hxg6 18. Bh6 Be5 19. Rde1 Qc7 20. Qg5 Nc6
21. Qh4 Rd8 22. Bg5 Rd4 23. Ne4 Rxe4 24. Rxe4 f5 25. Bf6 1-0

[Event "Phillips & Drew GLC Knights"]
[Site "London, County Hall"]
[Date "1982.04.19"]
[Round "5"]
[White "Britton, Richard L"]
[Black "Cox, John J"]
[Result "0-1"]
[WhiteElo "2285"]
[BlackElo "2285"]
[PlyCount "72"]
[EventDate "1982.04.15"]
[EventType "tourn"]
[EventRounds "15"]
[EventCountry "ENG"]
[SourceTitle "BritBase"]
[Source "John Saunders"]
[SourceDate "2023.10.13"]
[SourceVersion "1"]
[SourceVersionDate "2023.10.13"]
[SourceQuality "1"]

1. e4 e6 2. d4 d5 3. Nc3 Nf6 4. Bg5 Bb4 5. e5 h6 6. Bd2 Bxc3 7. bxc3 Ne4 8. Qg4
g6 9. Bd3 Nxd2 10. Kxd2 c5 11. h4 Nc6 12. Rh3 Qa5 13. Bxg6 Nxd4 14. Kd1 Rg8 15.
Bxf7+ Kxf7 16. Qh5+ Ke7 17. cxd4 Rxg2 18. Ne2 Bd7 19. Qxh6 Rf8 20. Nf4 Rxf4 21.
Qxf4 Rg1+ 22. Ke2 Bb5+ 23. Rd3 Bxd3+ 24. cxd3 Rxa1 25. Qf6+ Kd7 26. Qf7+ Kc6
27. Qxe6+ Kb5 28. Qd7+ Ka6 29. Qe6+ b6 30. Qc8+ Kb5 31. Qd7+ Kb4 32. Qxd5 Qxa2+
33. Qxa2 Rxa2+ 34. Kf3 cxd4 35. e6 Rc2 36. Ke4 a5 0-1

[Event "Phillips & Drew GLC Knights"]
[Site "London, County Hall"]
[Date "1982.04.19"]
[Round "5"]
[White "Conquest, Stuart C"]
[Black "Franklin, Michael J"]
[Result "1-0"]
[WhiteElo "2315"]
[BlackElo "2315"]
[PlyCount "81"]
[EventDate "1982.04.15"]
[EventType "tourn"]
[EventRounds "15"]
[EventCountry "ENG"]
[SourceTitle "BritBase"]
[Source "John Saunders"]
[SourceDate "2023.10.13"]
[SourceVersion "1"]
[SourceVersionDate "2023.10.13"]
[SourceQuality "1"]

1. d4 Nf6 2. Nf3 e6 3. g3 c5 4. c4 b6 5. Bg2 Bb7 6. d5 exd5 7. Nh4 Ne4 8. cxd5
Nd6 9. e4 Be7 10. e5 Bxh4 11. exd6 Bf6 12. Qe2+ Kf8 13. Nc3 Ba6 14. Qf3 Qe8+
15. Be3 Bxc3+ 16. bxc3 Qe5 17. Kd2 Qxd6 18. Bf4 Qg6 19. Rhe1 h5 20. Qe3 Kg8 21.
Be4 f5 22. Bc2 Bc4 23. Qe5 Na6 24. Rad1 Rf8 25. h3 Qf7 26. Kc1 Bxa2 27. Kb2 Bc4
28. Qd6 Bb5 29. Re7 Qf6 30. Qxf6 Rxf6 31. Rde1 c4 32. g4 Nc5 33. g5 Rg6 34.
Bxf5 Nd3+ 35. Bxd3 cxd3 36. Re8+ Kh7 37. Rxh8+ Kxh8 38. Kb3 Ba6 39. Re8+ Kh7
40. Rd8 d6 41. Bd2 1-0

[Event "Phillips & Drew GLC Knights"]
[Site "London, County Hall"]
[Date "1982.04.19"]
[Round "5"]
[White "Fedorowicz, John P"]
[Black "Nicholson, John Graham"]
[Result "1-0"]
[WhiteElo "2455"]
[BlackElo "2300"]
[PlyCount "155"]
[EventDate "1982.04.15"]
[EventType "tourn"]
[EventRounds "15"]
[EventCountry "ENG"]
[SourceTitle "BritBase"]
[Source "John Saunders"]
[SourceDate "2023.10.13"]
[SourceVersion "1"]
[SourceVersionDate "2023.10.13"]
[SourceQuality "1"]

1. d4 Nf6 2. c4 e6 3. Nf3 b6 4. a3 c5 5. d5 Ba6 6. Qc2 exd5 7. cxd5 g6 8. Nc3
Bg7 9. g3 O-O 10. Bg2 d6 11. O-O Re8 12. Bf4 b5 13. b4 Qb6 14. Rab1 Nbd7 15.
Bh3 Rac8 16. Qd3 cxb4 17. axb4 Rc4 18. Rfc1 Bc8 19. Be3 Qb8 20. Qd2 Ne5 21.
Nxe5 Rxe5 22. Bxc8 Qxc8 23. Nxb5 Rxc1+ 24. Qxc1 Qh3 25. Qf1 Qd7 26. Nc3 Nxd5
27. Nxd5 Rxd5 28. Qg2 Qf5 29. Rf1 h5 30. Bxa7 Rb5 31. Qc6 Rxb4 32. Qxd6 Rb1 33.
Qd8+ Kh7 34. Qd3 Rxf1+ 35. Kxf1 Qa5 36. Be3 Qa1+ 37. Kg2 Qa8+ 38. f3 Qa2 39.
Bf2 Bf6 40. h4 Qb2 41. Qc4 Kg7 42. Be3 Qc3 43. Qd3 Qa1 44. Bc5 Qe5 45. Bd6 Qd4
46. Bf4 Qa1 47. Be3 Qe5 48. Bf2 Qb2 49. f4 Qb7+ 50. Kg1 Qc8 51. Bd4 Qc1+ 52.
Kf2 Qh1 53. Bxf6+ Kxf6 54. Qd4+ Ke7 55. Qe5+ Kf8 56. f5 Qh2+ 57. Kf3 gxf5 58.
Qh8+ Ke7 59. Qe5+ Kf8 60. Qxf5 Qh1+ 61. Ke3 Qg1+ 62. Qf2 Qc1+ 63. Kf3 Qh1+ 64.
Kf4 Qd5 65. Qe3 Qc4+ 66. Qe4 Qc7+ 67. Qe5 Qc4+ 68. Kf3 Qg4+ 69. Ke3 Qg6 70.
Qc5+ Ke8 71. Qg5 Qh7 72. Kf4 Kf8 73. Qf6 Ke8 74. e4 Kf8 75. e5 Qd3 76. Qd6+
Qxd6 77. exd6 Ke8 78. Kf5 1-0